Movies Quiz

Random Movies Quiz

Foreign Language Film Posters (close up) Quiz Stats

Quiz not verified by Sporcle

Also try: Candy or Goodman?
Challenge
Share
Tweet
Score 0/20 Timer 06:00
0 Plays Today
Country of Origin Movie % Correct
1. FranceAmélie
99.2%
2. SpainPan's Labyrinth
90.8%
8. SwedenThe Girl With the Dragon Tattoo
67.5%
6. South KoreaOldboy
55.8%
12. TaiwanCrouching Tiger, Hidden Dragon
55.8%
18. IsraelWaltz With Bashir
50%
3. BrazilCity of God
49.2%
4. FranceDelicatessen
44.2%
11. SwedenLet the Right One In
44.2%
9. JapanBattle Royale
40.8%
Country of Origin Movie % Correct
17. GermanyThe Lives of Others
40.8%
15. MexicoY tu mamá también
35%
14. SpainAll About My Mother
31.7%
19. SpainThe Sea Inside
28.3%
10. ChinaHouse of Flying Daggers
25.8%
7. GreeceDogtooth
21.7%
5. ArgentinaThe Secret in their Eyes
19.2%
13. FranceMesrine
14.2%
16. AustriaThe Counterfeiters
11.7%
20. ArgentinaBombón: El Perro
6.7%

You're not logged in!

Compare scores with friends on all Sporcle quizzes.
Sign Up with Email
OR
Log In

You Might Also Like...

Show Comments

Extras

Top Quizzes Today


Score Distribution

Your Account Isn't Verified!

In order to create a playlist on Sporcle, you need to verify the email address you used during registration. Go to your Sporcle Settings to finish the process.